<?xml version="1.0" encoding="UTF-8"?>
<record
    xmlns:xsi="http://www.w3.org/2001/XMLSchema-instance"
    xsi:schemaLocation="http://www.loc.gov/MARC21/slim http://www.loc.gov/standards/marcxml/schema/MARC21slim.xsd"
    xmlns="http://www.loc.gov/MARC21/slim">

  <leader>03416nam a22002657a 4500</leader>
  <controlfield tag="003">DO-SdBJH</controlfield>
  <controlfield tag="005">20250617062524.0</controlfield>
  <controlfield tag="008">250616b2024    dr o|||| |||| 00| 0 spa d</controlfield>
  <datafield tag="040" ind1=" " ind2=" ">
    <subfield code="a">DO-SdBJH</subfield>
    <subfield code="b">spa</subfield>
    <subfield code="c">DO-SdBJH</subfield>
  </datafield>
  <datafield tag="041" ind1="0" ind2=" ">
    <subfield code="a">spa</subfield>
  </datafield>
  <datafield tag="090" ind1=" " ind2=" ">
    <subfield code="a">TG EGDDHHyDIH</subfield>
    <subfield code="b">02381 2024</subfield>
  </datafield>
  <datafield tag="100" ind1="1" ind2=" ">
    <subfield code="a">Ledesma Ure&#xF1;a, Joel Antonio</subfield>
    <subfield code="e">sustentante</subfield>
  </datafield>
  <datafield tag="245" ind1="1" ind2="0">
    <subfield code="a">Aportes del derecho internacional humanitario en Rep&#xFA;blica Dominicana durante tiempos de paz :</subfield>
    <subfield code="b">per&#xED;odo 2021-2023 /</subfield>
    <subfield code="c">Joel Antonio Ledesma Ure&#xF1;a ; asesor de contenido Willys N&#xFA;&#xF1;ez Mej&#xED;a ; asesor metodol&#xF3;gico Marcos Mateo Capell&#xE1;n.</subfield>
  </datafield>
  <datafield tag="260" ind1=" " ind2=" ">
    <subfield code="a">Santo Domingo, Rep&#xFA;blica Dominicana : </subfield>
    <subfield code="b">UNADE,</subfield>
    <subfield code="c">2024.</subfield>
  </datafield>
  <datafield tag="300" ind1=" " ind2=" ">
    <subfield code="a">102 p&#xE1;ginas :</subfield>
    <subfield code="b">fotograf&#xED;as.</subfield>
  </datafield>
  <datafield tag="500" ind1=" " ind2=" ">
    <subfield code="a">Incluye ap&#xE9;ndices y glosario.</subfield>
  </datafield>
  <datafield tag="502" ind1=" " ind2=" ">
    <subfield code="a">Tesis y trabajo de grado (Maestr&#xED;a en Derechos Humanos y Derecho Internacional Humanitario)--Universidad Nacional para la Defensa "General Juan Pablo Duarte y D&#xED;ez", Santo Domingo, 2024.</subfield>
  </datafield>
  <datafield tag="504" ind1=" " ind2=" ">
    <subfield code="a">Incluye referencias bibliogr&#xE1;ficas y anexos.</subfield>
  </datafield>
  <datafield tag="505" ind1=" " ind2=" ">
    <subfield code="a">Origen y evoluci&#xF3;n del Derecho Internacional Humanitario -- Alcance global del derecho internacional humanitario durante tiempos de paz -- Aportes que ha tenido el derecho internacional humanitario durante tiempos de Paz en Rep&#xFA;blica Dominicana, en el per&#xED;odo 2021-2023.</subfield>
  </datafield>
  <datafield tag="520" ind1=" " ind2=" ">
    <subfield code="a">Este estudio examen el desarrollo hist&#xF3;rico del Derecho Internacional Humanitario (DIH) desde sus ra&#xED;ces hasta su fortalecimiento moderno y su relaci&#xF3;n con los Derechos Humanos, destacando sus &#xE1;reas de complementariedad.  La metodolog&#xED;a empleada tiene un enfoque cualitativo, ajustado en investigaci&#xF3;n documentaria, basada en una recopilaci&#xF3;n de referencias hist&#xF3;ricas internacionales e informaci&#xF3;n generada por los involucrados en el tema.  La poblaci&#xF3;n objeto de estudio est&#xE1; compuesta por egresados de los programas acad&#xE9;micos en Derechos Humanos y Derecho Internacional Humanitario de la Universidad Nacional para la Defensa "General Juan Pablo Duarte y D&#xED;ez" (UNADE),  seleccion&#xE1;ndose una muestra de tres profesionales: civil, militar y docente.  Para la recolecci&#xF3;n de datos, se utiliza el m&#xE9;todo de entrevista, lo cual permite obtener las variables necesarias para los an&#xE1;lisis realizados en un momento &#xFA;nico, sin manipular variables.  El estudio aborda los principales convenios internacionales que rigen el DIH, como los convenios de Ginebra y sus protocolos adicionales.  Adem&#xE1;s, explora la aplicaci&#xF3;n del DIH en Rep&#xFA;blica Dominicana entre el 2021 y el 2023, subrayando su relevancia tanto en conflictos armados como en tiempos de paz.  Los hallazgos sobre la capacitaci&#xF3;n en educaci&#xF3;n indican que ha mejorado la comprensi&#xF3;n del DIH entre diferentes sectores. La investigaci&#xF3;n ha dejado Claro que, aunque tradicionalmente asociado a situaciones de conflicto armado, tiene un papel vital en la construcci&#xF3;n de una cultura de respeto por los derechos humanos en tiempos de paz.  Los esfuerzos realizados en Rep&#xFA;blica Dominicana reflejan avances significativos, pero tambi&#xE9;n resaltan la necesidad de seguir trabajando para superar los desaf&#xED;os existentes.</subfield>
  </datafield>
  <datafield tag="700" ind1="1" ind2=" ">
    <subfield code="a">N&#xFA;&#xF1;ez Mej&#xED;a, Willys</subfield>
    <subfield code="e">asesor de contenido</subfield>
  </datafield>
  <datafield tag="700" ind1="1" ind2=" ">
    <subfield code="a">Mateo Capell&#xE1;n, Marcos</subfield>
    <subfield code="e">asesor metodol&#xF3;gico</subfield>
  </datafield>
  <datafield tag="830" ind1=" " ind2=" ">
    <subfield code="a">Tesis y disertaciones Acad&#xE9;micas (Universidad Nacional para la Defensa). Escuela de Graduados de Derechos Humanos y Derecho Internacional Humanitario. </subfield>
    <subfield code="9">19</subfield>
  </datafield>
  <datafield tag="942" ind1=" " ind2=" ">
    <subfield code="2">CL</subfield>
    <subfield code="c">T</subfield>
  </datafield>
  <datafield tag="999" ind1=" " ind2=" ">
    <subfield code="c">8265</subfield>
    <subfield code="d">8265</subfield>
  </datafield>
  <datafield tag="952" ind1=" " ind2=" ">
    <subfield code="0">0</subfield>
    <subfield code="1">0</subfield>
    <subfield code="2">CL</subfield>
    <subfield code="4">0</subfield>
    <subfield code="7">0</subfield>
    <subfield code="8">TG</subfield>
    <subfield code="a">BJHA</subfield>
    <subfield code="b">BJHA</subfield>
    <subfield code="c">GEN</subfield>
    <subfield code="d">2025-06-16</subfield>
    <subfield code="i">24-02381</subfield>
    <subfield code="l">0</subfield>
    <subfield code="o">TG EGDDHHyDIH 02381 2024</subfield>
    <subfield code="p">24-02381</subfield>
    <subfield code="r">2025-06-16 20:40:21</subfield>
    <subfield code="t">1</subfield>
    <subfield code="w">2025-06-16</subfield>
    <subfield code="y">T</subfield>
  </datafield>
</record>
